Filosofía

Gespeichert in:
Bibliographische Detailangaben
Hauptverfasser: Esposito, Costantino (VerfasserIn), Porro, Pasquale (VerfasserIn)
Format: Buch
Sprache:Italienisch
Veröffentlicht: Roma, Italia Laterza 2010
Schlagworte:
Tags: Tag hinzufügen
Keine Tags, Fügen Sie den ersten Tag hinzu!

MARC

LEADER 00000cam a2200000 a 4500
001 UCC3449
003 CL-VaPUC
005 20210728001603.0
008 180518e20100000it |||||||||||||||||ita|d
999 |c 371147  |d 371145 
020 |a 9788842109129v.1 
020 |a 9788842109136v.2 
020 |a 9788842109143v.3 
040 |c Pontificia Universidad Católica de Valparaíso 
082 0 4 |a 100 ESP 2010  |2 21 
100 0 |a Esposito, Costantino  |e author  |9 597428 
245 1 0 |a Filosofía 
260 |a Roma, Italia  |b Laterza  |c 2010 
300 |a volúmenes 
500 |a v.1: antica e medievale 
500 |a v.2: moderna 
500 |a v.3: contemporanea 
583 |a last modification  |c 20180518 12:56:00  |k Rodrigo Vera 
650 0 |a Historia de la filosofía  |9 256920 
650 0 |a Escuelas filosóficas   |9 266232 
650 0 |a Filosofía antigua   |9 255705 
650 0 |a Filosofía contemporánea  |9 265372 
650 0 |a Filosofía medieval  |9 256245 
700 0 |a Porro, Pasquale  |e author  |9 597429 
942 |c BK  |2 ddc 
945 |d 20180518 12:56:00  |a dcastane 
952 |0 0  |1 0  |2 ddc  |3 erb  |4 0  |6 100_000000000000000_ESP_2010  |7 0  |8 A  |9 488043  |a BIBEDU  |b BIBEDU  |h v.1  |i 5470269  |o 100 ESP 2010  |p 5470269  |r 2019-11-24  |t 1  |w 2019-11-24  |y BK  |z Catalogado en:20180518  |k FIL 
952 |0 0  |1 0  |2 ddc  |3 erb  |4 0  |6 100_000000000000000_ESP_2010  |7 0  |8 A  |9 488044  |a BIBEDU  |b BIBEDU  |h v.2  |i 5470277  |o 100 ESP 2010  |p 5470277  |r 2019-11-24  |t 1  |w 2019-11-24  |y BK  |z Catalogado en:20180518  |k FIL 
952 |0 0  |1 0  |2 ddc  |3 erb  |4 0  |6 100_000000000000000_ESP_2010  |7 0  |8 A  |9 488045  |a BIBEDU  |b BIBEDU  |h v.3  |i 5470285  |o 100 ESP 2010  |p 5470285  |r 2019-11-24  |t 1  |w 2019-11-24  |y BK  |z Catalogado en:20180518  |k FIL